Investigations into formal Slavic linguistics contributions of the Fourth European Conference on Formal Description of Slavic Languages -FDSL IV, held at Potsdam University, November 28-30, 2001 Part II

Bibliographic Details
Corporate Author: European Conference on Formal Description of Slavic Languages Potsdam, Nemecko (Author)
Other Authors: Kosta, Peter (Editor)
Format: Conference Proceeding Book
Language:German
English
Russian
PhysicalDescription:S. 434-911 schémy, tabuľky 21 cm
Published: Frankfurt am Main Peter Lang 2003
ISBN:363151588X
0820465127
Series:Linguistik international
Subjects:

MARC

LEADER 00000cam a2200000 a 4500
001 vtls012021434
003 SK-MaSNL
005 20260302025033.0
008 240226s2003 gw a f n 100 0 ger
015 |a SNBZSA2006-00247 
015 |a SNBZSA2006-00248 
020 |a 363151588X 
020 |a 0820465127 
035 |a urn:nbn:sk:snk-amkoy3 
035 |a urn:nbn:sk:snk-am008eud 
035 |a A7D7B260-E51F-478C-BB06-897D547A1CD4 
040 |a SNK  |b slo  |c SNK  |e AACR2 
041 0 |a eng  |a ger  |a rus 
044 |a gw  |c DE 
072 7 |a 811.16  |x Slovanské jazyky  |2 konspekt 
080 |a 811.16`23  |2 2001 
080 |a 811.16`32/`37  |x (063)  |2 2001 
111 2 |a European Conference on Formal Description of Slavic Languages  |n (4. :  |d 2001 :  |c Potsdam, Nemecko)  |4 aut  |9 304492 
245 1 0 |a Investigations into formal Slavic linguistics  |b contributions of the Fourth European Conference on Formal Description of Slavic Languages -FDSL IV, held at Potsdam University, November 28-30, 2001  |n Part II  |c Peter Kosta ... [et al.] (eds.) 
260 |a Frankfurt am Main  |b Peter Lang  |c 2003 
300 |a S. 434-911  |b schémy, tabuľky  |c 21 cm 
490 1 |a Linguistik international  |v Bd. 10 
504 |a Bibliografické odkazy 
546 |a Text čiastočne nemecky a rusky 
650 0 7 |a slovanské jazyky  |2 SNKPH  |9 1338 
650 0 7 |a psycholingvistika  |2 SNKPH  |9 16681 
655 7 |a zborníky konferencií  |2 SNKPH  |9 70153 
700 1 |a Kosta, Peter  |4 edt  |9 289255 
830 0 |a Linguistik international  |9 300969 
919 |a 3-631-51588-X 
919 |a 0-8204-6512-7 
958 |a ZS 
958 |a SS 
958 |a NB 
958 |a DE 
999 |c 1042684  |d 1044614 
952 |t P60, <03>, [BOOK], {603}, -B-  |a SNK  |b SNK  |y PREZ  |7 0  |p 17A0448790  |o snkSC 117895/2  |i snkV 1499/2004  |8 2  |g 79.57  |0 0  |1 0  |4 0  |d 2004-10-11  |f 1  |l 0  |r 2025-10-07 00:00:00  |w 2026-02-24